نقو ش خا طر (Record no. 168778)

MARC details
000 -LEADER
fixed length control field 00687nam a22001937a 4500
005 - DATE AND TIME OF LATEST TRANSACTION
control field 20191024145249.0
010 ## - LCCN (DPL NO)
LC control number UR-10554
020 ## - INTERNATIONAL STANDARD BOOK NUMBER
Terms of availability 300.00
International Standard Book Number 8188998141
035 ## - SYSTEM CONTROL NUMBER
System control number U-9109
037 ## - SOURCE OF ACQUISITION
Source of stock number/acquisition DBAD/PUB
Stock number -
082 ## - DEWEY DECIMAL CLASSIFICATION NUMBER
Classification number 840.92
100 ## - MAIN ENTRY--PERSONAL NAME
Personal name قا سمی عطا الر حمن
245 ## - TITLE STATEMENT
Title نقو ش خا طر
Statement of responsibility, etc قا سمی عطا الر حمن
246 ## - VARYING FORM OF TITLE
Remainder of title Naqoosh-e-Khatir (Urdu)
Title proper/short title by Moulana Mufti Attaur Rehman Qasmi
260 ## - PUBLICATION, DISTRIBUTION, ETC. (IMPRINT)
Place of publication, distribution, etc N.Delhi
Name of publisher, distributor, etc Markazi Maktaba Islami Publishers
Date of publication, distribution, etc 2015 ء
270 ## - ADDRESS
Address N-80/C,Block-N ,Abulfazal Enclave, Jamia Ngr.
City New Delhi
Postal code 110025
Telephone number 01126953430
Fax number -
300 ## - PHYSICAL DESCRIPTION
Extent 262 ص
Dimensions 22 Cm(Hb)
942 ## - ADDED ENTRY ELEMENTS (KOHA)
Source of classification or shelving scheme Dewey Decimal Classification
Item type Urdu Bks
Classification part 840.92
Call number suffix ق ا س
Holdings
Withdrawn status Lost status Not for loan Collection code Home library Current library Date acquired Source of acquisition Cost, normal purchase price Full call number Barcode Copy number Cost, replacement price Koha item type
    Not For Loan Non-fiction D.B.Act.Division D.B.Act.Division 24/10/2019 DBAD/PUB 300.00 840.92 ق ا س U-9109 1 300.00 Urdu Bks

© Delhi Public Library
Hit Counter
free hit counter